| 000 | 00864cam a2200253 a 4500 | ||
|---|---|---|---|
| 999 |
_c2646 _d2646 |
||
| 003 | OSt | ||
| 005 | 20210716053503.0 | ||
| 008 | 880725s1985 ke a b 001 0 eng d | ||
| 020 | _a- | ||
| 040 | _cDLC | ||
| 042 | _alccopycat | ||
| 050 | 0 | 0 |
_aRJ53 _b.P3 K5 |
| 060 | 0 | 0 |
_aWS125 _b.S264h 1985 |
| 100 | 2 |
_aSavage King, F. _d1939- |
|
| 245 | 1 | 0 |
_aHelping mothers to breast feed / _cF. Savage King ; illustrated by Sara Kiunga-Kamau and Ivanson Kayaii. |
| 260 |
_aNairobi, Kenya : _bAfrican Medical and Research Foundation, _c1985. |
||
| 300 |
_axiii, 151 p. : _bill. ; _c21 cm. |
||
| 504 | _aIncludes bibliographical references and index. | ||
| 650 | 0 | _aBreastfeeding. | |
| 650 | 2 | _aBreast Feeding. | |
| 906 |
_a7 _bcbc _ccopycat _d4 _encip _f19 _gy-gencatlg |
||
| 942 |
_2lcc _cBK _nSO |
||